000 00624nam a2200205 a 4500
005 20260322212017.0
008 data
010 _a75-031201
020 _a0823668762
020 _a9780823668762
096 _aWS 350 F889pc 1971
100 1 _aFreud, Anna,
_d1895-
245 1 0 _aProblems of psychoanalytic training, diagnosis, and the technique of therapy, 1966-1970
_cAnna Freud.
260 _aNew York
_bInternational Universities Press
_c 1971
300 _axi, 312 p. ;
_c 23 cm.
490 0 _aThe writings of Anna Freud ; vol. 7.
500 _aBibliography: p. 281-290.
650 0 2 _aPsychoanalysis
_xhistory
001 data
999 _c383
_d383